UNO Game Cards - Statistics

General Stats
  • This quiz has been taken 240 times
  • The average score is 8 of 9
Answer Stats
Hint Answer % Correct
Color Blue
97%
Color Green
97%
Color Red
97%
Color Yellow
97%
R Reverse
85%
S Skip
79%
W Wild
74%
DT Draw Two
67%
WDF Wild Draw Four
66%
No matching quizzes found
Score Distribution
Percent of People with Each Score
Percentile by Number Answered
Your Score History
You have not taken this quiz